[Event "World Rapid 2017"]
[Site "Riyadh KSA"]
[Date "2017.12.28"]
[Round "14.65"]
[White "Lam, Daniel King-wai"]
[Black "Al Bargi, Hassan M"]
[Result "1-0"]
[WhiteTitle "FM"]
[WhiteElo "2222"]
[BlackElo "1579"]
[WhiteFideId "6001238"]
[BlackFideId "21501475"]
[EventDate "2017.12.26"]

1. d4 d5 2. c4 c6 3. Nf3 Nf6 4. Nbd2 e6 5. e3 Nbd7 6. Bd3 Be7 7. O-O O-O 8. e4
dxe4 9. Nxe4 Re8 10. Qe2 Nf8 11. Rd1 Nxe4 12. Qxe4 Bf6 13. Bf4 Qb6 14. Rab1 Rd8
15. Bc2 Qa5 16. a3 Qa6 17. Bd3 Qa5 18. c5 Re8 19. Bd6 g6 20. h4 Nd7 21. h5 Bg7
22. hxg6 hxg6 23. Qh4 Qd8 24. Ng5 Nf8 25. Bc4 Bf6 26. f4 Bxg5 27. fxg5 Nh7 28.
Bf4 Re7 29. Qh6 Qf8 30. Qh4 Rd7 31. Rd3 Re7 32. Bd6 f5 33. gxf6 Nxf6 34. Rf3 Qg7
35. Bxe7 Qxe7 36. Qxf6 Qxf6 37. Rxf6 Kg7 38. Rbf1 Bd7 39. Rf7+ 1-0

[Event "World Rapid 2017"]
[Site "Riyadh KSA"]
[Date "2017.12.28"]
[Round "14.66"]
[White "Salama, Taher"]
[Black "Al Mahmood, Salman"]
[Result "1/2-1/2"]
[WhiteElo "1769"]
[BlackElo "1593"]
[WhiteFideId "11502231"]
[BlackFideId "11201517"]
[EventDate "2017.12.26"]

1. d4 Nf6 2. c4 e6 3. Nc3 Bb4 4. e3 O-O 5. Nf3 b6 6. Bd3 Bb7 7. O-O Bxc3 8. bxc3
d6 9. a4 Nbd7 10. a5 e5 11. Be2 Ne4 12. Qc2 Ng5 13. Nd2 f5 14. f3 Qe7 15. Rf2
Rf6 16. Nf1 Rg6 17. Kh1 Qf6 18. Bd3 e4 19. fxe4 Nxe4 20. Rf4 Qg5 21. a6 Bc8 22.
Bxe4 fxe4 23. Qxe4 Ne5 24. dxe5 Rb8 25. Ng3 Bd7 26. Bd2 Re8 27. Raf1 Rge6 1/2-1/2

[Event "World Rapid 2017"]
[Site "Riyadh KSA"]
[Date "2017.12.28"]
[Round "15.1"]
[White "Carlsen, Magnus"]
[Black "Grischuk, Alexander"]
[Result "0-1"]
[WhiteTitle "GM"]
[BlackTitle "GM"]
[WhiteElo "2837"]
[BlackElo "2772"]
[WhiteFideId "1503014"]
[BlackFideId "4126025"]
[EventDate "2017.12.26"]

1. Nf3 Nf6 2. g3 g6 3. b3 Bg7 4. Bb2 d6 5. d4 O-O 6. Bg2 Nbd7 7. O-O Re8 8. c4
c6 9. Nc3 e5 10. d5 cxd5 11. cxd5 e4 12. Nd4 e3 13. f4 Ng4 14. Nc2 Ndf6 15. Qe1
Bf5 16. Nd4 Be4 17. Nxe4 Nxe4 18. Ne6 fxe6 19. Bxg7 Nd2 20. Bb2 Nxf1 21. Qxf1 e5
22. Qf3 h5 23. h3 e4 24. Qf1 Nh6 25. Kh2 Rc8 26. Rc1 Nf5 27. Qe1 Qe7 28. Rc4
Rxc4 29. bxc4 Rc8 30. Qc3 Kh7 31. a4 b6 32. Ba1 a6 33. Qb2 g5 34. Qb1 Rxc4 35.
Qb2 Rc8 36. Bxe4 Qxe4 37. Qf6 Rg8 38. fxg5 h4 39. Kg1 Qb1+ 40. Kg2 Qe4+ 41. Kg1
hxg3 42. h4 Qb1+ 43. Kg2 Qe4+ 44. Kg1 Qb1+ 45. Kg2 Nxh4+ 46. Kxg3 Qe1+ 47. Kh3
Qh1+ 48. Kg4 Qe4+ 49. Kh5 Qg6+ 50. Kxh4 Qxf6 51. Bxf6 Kg6 52. Kg4 b5 53. axb5
axb5 54. Kf4 Re8 55. Bc3 Rc8 56. Bf6 Rc5 57. Kxe3 Rxd5 58. Ke4 Rd1 59. Kf3 b4
60. e4 Re1 0-1

[Event "World Rapid 2017"]
[Site "Riyadh KSA"]
[Date "2017.12.28"]
[Round "15.5"]
[White "Savchenko, Boris"]
[Black "Svidler, Peter"]
[Result "1-0"]
[WhiteTitle "GM"]
[BlackTitle "GM"]
[WhiteElo "2566"]
[BlackElo "2765"]
[WhiteFideId "4147332"]
[BlackFideId "4102142"]
[EventDate "2017.12.26"]

1. e4 e5 2. Nf3 Nc6 3. Bc4 Bc5 4. c3 Nf6 5. d3 d6 6. O-O h6 7. Bb3 O-O 8. h3 a5
9. Nbd2 Be6 10. Ba4 Qb8 11. Bb5 Qa7 12. a4 Ne7 13. Bc4 Bd7 14. Nb3 Bb6 15. Qc2
c6 16. d4 d5 17. exd5 cxd5 18. Be2 Bf5 19. Qd2 e4 20. Ne5 Bc7 21. Qf4 Rae8 22.
Bb5 Rd8 23. Qh2 Qb8 24. Bf4 Rc8 25. g4 Bh7 26. Nc5 Bd6 27. Bg3 Qa7 28. Ned7 Bxg3
29. Nxf6+ gxf6 30. fxg3 Rxc5 31. dxc5 Qxc5+ 32. Qf2 Qxf2+ 33. Kxf2 f5 34. gxf5
Bxf5 35. g4 Be6 36. Ke3 Kg7 37. c4 dxc4 38. Kxe4 Rc8 39. Kd4 b6 40. Rad1 Rc5 41.
Rde1 h5 42. Re5 Nc6+ 43. Bxc6 Rxc6 44. Rxh5 Rd6+ 45. Ke4 Bd7 46. Rc1 Rd2 47.
Rxc4 Rxb2 48. Rd4 Bc6+ 49. Kd3 Rb3+ 50. Kd2 Ra3 51. Rd6 Bxa4 52. Rxb6 Bd7 53.
Ra6 a4 54. Rd5 Be6 55. Rd3 Ra2+ 56. Kc3 Bb3 57. Rd2 Ra1 58. Kb4 Rb1 59. Kc5 Rh1
60. Rd3 Rc1+ 61. Kd4 Rh1 62. Re3 Rd1+ 63. Ke5 Rh1 64. Kf4 Rf1+ 65. Kg3 Rb1 66.
h4 Rg1+ 67. Kf4 Rf1+ 68. Rf3 Rh1 69. h5 Rg1 70. Kg5 Rc1 71. Rf4 Rc5+ 72. Kh4 Rc1
73. Rb4 Rc3 74. Ra5 Bc2 75. Rb7 Bb3 76. Ra6 Rd3 77. Raa7 Rd4 78. Rd7 Re4 79. Kg5
Be6 80. h6+ Kg8 81. Rd8+ Kh7 82. Raa8 Rxg4+ 83. Kh5 1-0

[Event "World Rapid 2017"]
[Site "Riyadh KSA"]
[Date "2017.12.28"]
[Round "15.6"]
[White "Onischuk, Vladimir"]
[Black "Yu, Yangyi"]
[Result "1/2-1/2"]
[WhiteTitle "GM"]
[BlackTitle "GM"]
[WhiteElo "2637"]
[BlackElo "2751"]
[WhiteFideId "14114038"]
[BlackFideId "8603820"]
[EventDate "2017.12.26"]

1. e4 c5 2. Nf3 Nc6 3. Bb5 e6 4. Bxc6 bxc6 5. d3 Ne7 6. Qe2 d6 7. e5 dxe5 8.
Qxe5 Ng6 9. Qe4 Qd5 10. Nc3 Qxe4+ 11. Nxe4 f5 12. Ned2 Be7 13. Nc4 Ba6 14. Nfe5
Nxe5 15. Nxe5 Bf6 16. Nc4 Bxc4 17. dxc4 Rb8 18. Rb1 Kf7 19. b3 Rhd8 20. Ke2 Bc3
21. f3 e5 22. g3 Rd6 23. Rd1 Rxd1 24. Kxd1 Kf6 25. Ke2 Rd8 26. Be3 g5 27. Rd1
Rxd1 28. Kxd1 Bd4 29. Bd2 h5 30. h3 f4 31. g4 hxg4 32. hxg4 e4 33. Ke2 e3 34.
Ba5 Ke6 35. Kd3 Bf6 36. Ke4 Bb2 37. Kd3 Bf6 38. Ke4 Bg7 39. Kd3 Be5 40. Ke4 Bf6
41. Kd3 Kd7 42. Ke4 Ke6 43. Kd3 Kd7 1/2-1/2

[Event "World Rapid 2017"]
[Site "Riyadh KSA"]
[Date "2017.12.28"]
[Round "15.7"]
[White "Le, Quang Liem"]
[Black "Mamedov, Rauf"]
[Result "0-1"]
[WhiteTitle "GM"]
[BlackTitle "GM"]
[WhiteElo "2737"]
[BlackElo "2709"]
[WhiteFideId "12401137"]
[BlackFideId "13401653"]
[EventDate "2017.12.26"]

1. d4 d5 2. c4 c6 3. Nf3 Nf6 4. Qb3 dxc4 5. Qxc4 Bg4 6. Nbd2 Nbd7 7. g3 e6 8.
Bg2 Be7 9. O-O O-O 10. b3 Qa5 11. Bb2 Rac8 12. Rfd1 Rfd8 13. h3 Bh5 14. Qc1 Qa6
15. Nc4 c5 16. dxc5 Nxc5 17. Rxd8+ Rxd8 18. Nd4 Bg6 19. Bf1 Rc8 20. Qe1 Nfd7 21.
Na5 e5 22. Nf3 e4 23. Ne5 Nxe5 24. Bxe5 Qe6 25. Bd4 b6 26. Nc4 h6 27. Rd1 Rd8
28. Bg2 Nd3 29. exd3 Rxd4 30. dxe4 Rxd1 31. Qxd1 Bxe4 32. Bxe4 Qxe4 33. Nd2 Qd3
34. Qe1 Kf8 35. Nc4 Bc5 36. Kg2 Qd5+ 37. f3 Qd3 38. Qd2 Qxd2+ 39. Nxd2 Ke7 40.
Kf1 Ke6 41. Ke2 Kd5 42. Kd3 f5 43. Nb1 Bb4 44. Nc3+ Bxc3 45. Kxc3 g5 46. b4 h5
47. Kd3 b5 48. g4 fxg4 49. fxg4 h4 50. Ke3 Ke5 51. a3 a6 52. Kd3 Kf4 53. Kd4 Kg3
54. Ke4 Kxh3 55. Kf3 Kh2 56. Kf2 h3 0-1

[Event "World Rapid 2017"]
[Site "Riyadh KSA"]
[Date "2017.12.28"]
[Round "15.9"]
[White "Alekseev, Evgeny"]
[Black "Guseinov, Gadir"]
[Result "0-1"]
[WhiteTitle "GM"]
[BlackTitle "GM"]
[WhiteElo "2616"]
[BlackElo "2646"]
[WhiteFideId "4138147"]
[BlackFideId "13401378"]
[EventDate "2017.12.26"]

1. e4 c5 2. Nf3 g6 3. d4 cxd4 4. Nxd4 Nc6 5. Nc3 Bg7 6. Be3 Nf6 7. Be2 O-O 8.
O-O d5 9. Nxc6 bxc6 10. e5 Ne8 11. f4 f6 12. exf6 Bxf6 13. Na4 Nd6 14. c3 Qc7
15. Bd3 Rb8 16. Qc2 Bf5 17. Rae1 Qa5 18. Bxf5 gxf5 19. Bd4 Ne4 20. Rd1 e6 21. b3
Rb7 22. Bxf6 Rxf6 23. c4 Rg7 24. cxd5 exd5 25. Rfe1 a6 26. Re2 Rfg6 27. Qd3 h6
28. Qd4 Qc7 29. Rf1 Rg4 30. Qe3 c5 31. Nb2 Qa5 32. Nd3 d4 33. Qc1 Qb5 34. Qc2
Nc3 35. Ref2 Nd5 36. Qxc5 Qxc5 37. Nxc5 Ne3 38. Ne6 Rxg2+ 39. Kh1 R7g6 40. Rxg2
Rxg2 41. Nxd4 Rxa2 42. Rc1 Rd2 43. Nf3 Rf2 44. Ne5 Rxf4 45. Kg1 Kg7 46. h3 Kf6
47. Nd3 Rd4 48. Ne1 Rd6 49. Kf2 Nd5 50. Nf3 Nf4 51. Rh1 Rd3 52. Ra1 Nxh3+ 53.
Ke2 Nf4+ 54. Kf2 Rd6 55. Kg3 Ng6 56. Kf2 Ne5 57. Nxe5 Kxe5 58. Ra5+ Kf4 59. Ra4+
Kg5 60. b4 h5 61. Ra5 Rb6 62. Kf3 h4 63. Kg2 Kg4 64. Ra4 f4 65. Kf2 h3 66. Ra1
Rh6 67. Kg1 Kg3 68. Kh1 f3 69. Rg1+ Kf2 70. Kh2 Ke2 71. Rg7 Re6 0-1

[Event "World Rapid 2017"]
[Site "Riyadh KSA"]
[Date "2017.12.28"]
[Round "15.11"]
[White "Korobov, Anton"]
[Black "Safarli, Eltaj"]
[Result "1/2-1/2"]
[WhiteTitle "GM"]
[BlackTitle "GM"]
[WhiteElo "2652"]
[BlackElo "2639"]
[WhiteFideId "14105730"]
[BlackFideId "13402129"]
[EventDate "2017.12.26"]

1. Nf3 c5 2. g3 Nc6 3. Bg2 g6 4. d4 cxd4 5. Nxd4 Bg7 6. Nb3 Nf6 7. Nc3 d6 8. O-O
O-O 9. e4 Bg4 10. f3 Be6 11. f4 a5 12. a4 Nb4 13. Kh1 Qb6 14. Ra3 Rac8 15. h3 d5
16. f5 Bd7 17. fxg6 fxg6 18. g4 d4 19. Qxd4 Qxd4 20. Nxd4 Nxg4 21. Rxf8+ Rxf8
22. Nce2 e5 23. Nb5 Nf2+ 24. Kh2 Nxc2 25. Rc3 Nd4 26. Ng3 Nxb5 27. axb5 Bxb5 28.
Rc5 Bc6 29. Rxa5 Nd3 30. Be3 Nxb2 31. Bf1 Rd8 32. Ra2 Na4 33. Bc4+ Kh8 34. Rc2
Bf6 35. Rf2 Kg7 36. h4 b5 37. Be6 Rd6 38. Bh6+ Kxh6 39. Rxf6 Kg7 40. Rf7+ Kg8
41. Rf6+ Kg7 42. Rf7+ Kh6 43. Rf6 Kg7 1/2-1/2

[Event "World Rapid 2017"]
[Site "Riyadh KSA"]
[Date "2017.12.28"]
[Round "15.12"]
[White "Grigoriants, Sergey"]
[Black "Rapport, Richard"]
[Result "1-0"]
[WhiteTitle "GM"]
[BlackTitle "GM"]
[WhiteElo "2561"]
[BlackElo "2707"]
[WhiteFideId "4130804"]
[BlackFideId "738590"]
[EventDate "2017.12.26"]

1. e4 c5 2. Nf3 Nc6 3. Nc3 d6 4. d4 cxd4 5. Nxd4 Nf6 6. Bg5 e6 7. Qd2 a6 8.
O-O-O Bd7 9. f4 b5 10. Bxf6 gxf6 11. Kb1 Qb6 12. Nxc6 Bxc6 13. Qe1 Ra7 14. Bd3
Qc5 15. g4 h5 16. h3 Rg8 17. Rg1 hxg4 18. hxg4 b4 19. Ne2 a5 20. Rg3 a4 21. c3
b3 22. a3 Rh8 23. Nd4 Bd7 24. g5 Rh4 25. Qd2 e5 26. Ne2 Qf2 27. gxf6 exf4 28.
Rg8 f3 29. Qg5 Kd8 30. Rxf8+ Kc7 31. Nd4 Rh2 32. Qc1 Ra5 33. Rxf7 Rah5 34. Rg7
Rg2 35. f7 Rhh2 36. f8=Q Qxb2+ 37. Qxb2 Rxb2+ 38. Kc1 Rb1+ 39. Kxb1 1-0

[Event "World Rapid 2017"]
[Site "Riyadh KSA"]
[Date "2017.12.28"]
[Round "15.13"]
[White "Anton Guijarro, David"]
[Black "Duda, Jan-Krzysztof"]
[Result "1/2-1/2"]
[WhiteTitle "GM"]
[BlackTitle "GM"]
[WhiteElo "2666"]
[BlackElo "2717"]
[WhiteFideId "2285525"]
[BlackFideId "1170546"]
[EventDate "2017.12.26"]

1. Nf3 Nf6 2. c4 c6 3. Nc3 d5 4. d4 dxc4 5. a4 e6 6. e3 c5 7. Bxc4 Nc6 8. O-O
cxd4 9. exd4 Be7 10. Qe2 O-O 11. Rd1 Nb4 12. Ne5 Bd7 13. a5 Rc8 14. a6 bxa6 15.
Bxa6 Rc7 16. Bf4 Nfd5 17. Nxd5 Nxd5 18. Bg3 Nb4 19. Bc4 Bh4 20. Ra3 Bxg3 21.
Rxg3 Nd5 22. Qg4 g6 23. h4 Bc6 24. h5 Qf6 25. hxg6 fxg6 26. Rf3 Nf4 27. Bxe6+
Kh8 28. Nxc6 Rxc6 29. d5 Rc4 30. Kh1 h5 31. Qg3 a5 32. b3 Re4 33. Bh3 Kh7 34.
Kh2 Qd6 35. Kh1 Kh6 36. Re3 Qe5 37. Rde1 Rxe3 38. fxe3 Re8 39. Be6 Nd3 40. Qxe5
Nxe5 41. Ra1 Rb8 42. d6 Rb6 43. d7 Rd6 44. Rxa5 Nxd7 45. Bd5 Nf6 46. e4 Rb6 47.
Rc5 Nxd5 48. exd5 1/2-1/2

[Event "World Rapid 2017"]
[Site "Riyadh KSA"]
[Date "2017.12.28"]
[Round "15.14"]
[White "Zhigalko, Sergei"]
[Black "Rakhmanov, Aleksandr"]
[Result "1/2-1/2"]
[WhiteTitle "GM"]
[BlackTitle "GM"]
[WhiteElo "2641"]
[BlackElo "2653"]
[WhiteFideId "13502956"]
[BlackFideId "4173708"]
[EventDate "2017.12.26"]

1. e4 d5 2. exd5 Qxd5 3. Nc3 Qd6 4. d4 Nf6 5. Nf3 g6 6. Bc4 Bg7 7. h3 O-O 8. O-O
a6 9. a4 c5 10. d5 Nbd7 11. Qe2 Nb6 12. Rd1 Nxc4 13. Qxc4 Bf5 14. Be3 Rfc8 15.
a5 b5 16. axb6 Qxb6 17. Na4 Qb5 18. Qxb5 1/2-1/2

[Event "World Rapid 2017"]
[Site "Riyadh KSA"]
[Date "2017.12.28"]
[Round "15.15"]
[White "Pantsulaia, Levan"]
[Black "Wang, Yue"]
[Result "1/2-1/2"]
[WhiteTitle "GM"]
[BlackTitle "GM"]
[WhiteElo "2612"]
[BlackElo "2690"]
[WhiteFideId "13602071"]
[BlackFideId "8601429"]
[EventDate "2017.12.26"]

1. c4 e6 2. Nf3 Nf6 3. g3 d5 4. Bg2 dxc4 5. Qa4+ Bd7 6. Qxc4 c5 7. Ne5 Qc8 8.
Qd3 Nc6 9. Nxd7 Qxd7 10. Qxd7+ Kxd7 11. Nc3 Be7 12. d3 Rac8 13. b3 Rhd8 14. Bb2
Ke8 15. Rc1 b6 16. Nb5 Rd7 17. O-O g6 18. d4 a6 19. dxc5 axb5 20. Bxf6 bxc5 21.
Bxe7 Nxe7 22. a4 bxa4 23. bxa4 c4 24. a5 Ra7 25. a6 Nd5 26. Ra1 Rc5 27. Rfc1 Kd7
28. Ra4 Rc6 29. Raxc4 Rxc4 30. Rxc4 Rxa6 1/2-1/2

[Event "World Rapid 2017"]
[Site "Riyadh KSA"]
[Date "2017.12.28"]
[Round "15.16"]
[White "Cheparinov, Ivan"]
[Black "Zhao, Jun"]
[Result "0-1"]
[WhiteTitle "GM"]
[BlackTitle "GM"]
[WhiteElo "2710"]
[BlackElo "2604"]
[WhiteFideId "2905540"]
[BlackFideId "8602522"]
[EventDate "2017.12.26"]

1. c4 Nf6 2. Nf3 b6 3. d4 e6 4. g3 Bb7 5. Bg2 Be7 6. O-O O-O 7. Nc3 Ne4 8. Bd2
Nxd2 9. Qxd2 d6 10. Rfd1 Nd7 11. Rac1 Re8 12. e3 Bf8 13. b4 g6 14. h4 Bg7 15. a3
Qe7 16. Qc2 a6 17. Ne1 Bxg2 18. Nxg2 c6 19. Qe2 a5 20. b5 c5 21. h5 Rac8 22.
hxg6 hxg6 23. Nf4 cxd4 24. exd4 Bh6 25. Ne4 Bxf4 26. gxf4 d5 27. Ng5 Rxc4 28.
Rxc4 dxc4 29. Qxc4 Nf6 30. Qc3 Qd6 31. Qf3 Kg7 32. Rc1 Re7 33. Rc4 Qd5 34. Qxd5
Nxd5 35. Rc6 Rc7 36. Kf1 Kf8 37. Ke1 Ke7 38. Kd2 Rxc6 39. bxc6 f6 40. Ne4 f5 41.
Ng5 Kd6 42. a4 Nxf4 43. Kc3 Kxc6 44. Kc4 Kd6 45. Kb5 Nd5 46. Kc4 Ke7 0-1

[Event "World Rapid 2017"]
[Site "Riyadh KSA"]
[Date "2017.12.28"]
[Round "15.18"]
[White "Aronian, Levon"]
[Black "Quparadze, Giga"]
[Result "1-0"]
[WhiteTitle "GM"]
[BlackTitle "GM"]
[WhiteElo "2805"]
[BlackElo "2506"]
[WhiteFideId "13300474"]
[BlackFideId "13602250"]
[EventDate "2017.12.26"]

1. d4 Nf6 2. c4 e6 3. Nf3 Bb4+ 4. Nbd2 b6 5. a3 Bxd2+ 6. Qxd2 Bb7 7. e3 O-O 8.
Be2 d6 9. O-O Nbd7 10. b3 Ne4 11. Qc2 f5 12. Ne1 Qe7 13. f3 Nef6 14. Bb2 c5 15.
Rd1 Rad8 16. Nd3 e5 17. d5 b5 18. f4 bxc4 19. bxc4 exf4 20. Nxf4 Qxe3+ 21. Kh1
Rde8 22. Bd3 Ng4 23. h3 Nh6 24. Rf3 Qe7 25. Ne6 Ne5 26. Re3 f4 27. Bxh7+ Kh8 28.
Rxe5 dxe5 29. Bxe5 Rf6 30. Bxf6 Qxf6 31. Qg6 Rxe6 32. dxe6 Qh4 33. Kg1 f3 34. g3
f2+ 35. Kxf2 Qe7 36. Rd7 Qf8+ 37. Kg1 Bc6 38. e7 1-0

[Event "World Rapid 2017"]
[Site "Riyadh KSA"]
[Date "2017.12.28"]
[Round "15.19"]
[White "Moiseenko, Alexander"]
[Black "Karjakin, Sergey"]
[Result "0-1"]
[WhiteTitle "GM"]
[BlackTitle "GM"]
[WhiteElo "2667"]
[BlackElo "2760"]
[WhiteFideId "14102560"]
[BlackFideId "14109603"]
[EventDate "2017.12.26"]

1. d4 Nf6 2. Bg5 d5 3. e3 c5 4. Bxf6 gxf6 5. dxc5 Nc6 6. Nf3 e5 7. Nc3 Be6 8.
Na4 Qa5+ 9. c3 b5 10. cxb6 axb6 11. b4 Nxb4 12. Nd2 Nc6 13. Qb3 Qxa4 14. Qxa4
Rxa4 15. Bb5 Ra3 16. Bxc6+ Kd8 17. Nb1 Ra5 18. a4 Rg8 19. g3 Rc5 20. Bb5 d4 21.
exd4 exd4 22. Kd2 Rd5 23. cxd4 Rxd4+ 24. Kc3 Rd5 25. Bc4 Rc5 26. Nd2 Bh6 27. f4
Ke7 28. Kb3 Rgc8 29. Bxe6 fxe6 30. Ka3 Kf7 31. Nb3 Rc2 32. Rac1 Bf8+ 0-1

[Event "World Rapid 2017"]
[Site "Riyadh KSA"]
[Date "2017.12.28"]
[Round "15.20"]
[White "Saric, Ivan"]
[Black "Movsesian, Sergei"]
[Result "1-0"]
[WhiteTitle "GM"]
[BlackTitle "GM"]
[WhiteElo "2669"]
[BlackElo "2647"]
[WhiteFideId "14508150"]
[BlackFideId "310204"]
[EventDate "2017.12.26"]

1. e4 e5 2. Nf3 Nc6 3. Bb5 a6 4. Ba4 Nge7 5. O-O g6 6. c3 Bg7 7. d4 exd4 8. cxd4
b5 9. Bc2 d6 10. Nc3 Bg4 11. Be3 O-O 12. Qd2 Bxf3 13. gxf3 f5 14. Ne2 Qd7 15.
Kh1 Kh8 16. a4 Rae8 17. axb5 axb5 18. Rg1 Nd8 19. Ra7 Nc8 20. Ra6 Ne7 21. Ng3 f4
22. Bxf4 Rxf4 23. Qxf4 Bxd4 24. Qd2 Bg7 25. f4 Ne6 26. f5 Nd4 27. Bd1 Qc8 28.
Ra3 c5 29. Qg5 h6 30. Qh4 g5 31. Qh3 b4 32. Ra7 Ndc6 33. Ra2 Ng8 34. Nh5 Rxe4
35. Nxg7 Rh4 36. Qg3 Nf6 37. Ne6 Ne5 38. Bf3 Ne4 39. Qxh4 gxh4 40. Bxe4 Nc6 41.
b3 c4 42. bxc4 b3 43. Rb2 Qa6 44. f3 Qxc4 45. Rbg2 Ne7 46. f6 h3 47. Rg7 1-0

[Event "World Rapid 2017"]
[Site "Riyadh KSA"]
[Date "2017.12.28"]
[Round "15.21"]
[White "Akobian, Varuzhan"]
[Black "Sargissian, Gabriel"]
[Result "1-0"]
[WhiteTitle "GM"]
[BlackTitle "GM"]
[WhiteElo "2647"]
[BlackElo "2672"]
[WhiteFideId "13300580"]
[BlackFideId "13300881"]
[EventDate "2017.12.26"]

1. d4 Nf6 2. c4 e6 3. Nf3 b6 4. g3 Ba6 5. Qa4 Be7 6. Bg2 O-O 7. O-O c6 8. Nc3 d5
9. Ne5 b5 10. cxb5 cxb5 11. Qc2 Qb6 12. Rd1 Rc8 13. a3 Nc6 14. Be3 Qb7 15. Bg5
h6 16. Bxf6 Bxf6 17. Nxc6 Rxc6 18. e4 Rd8 19. exd5 exd5 20. Qf5 Rcd6 21. Rac1 g6
22. Qf3 Qb6 23. Qe3 Bg5 24. f4 Bf6 25. h4 Kg7 26. Kh2 Bb7 27. Rd2 a6 28. Rf1 Re6
29. Qf2 Re7 30. h5 gxh5 31. Bf3 h4 32. gxh4 Kh8 33. Rg1 Ree8 34. Bh5 Rf8 35. Ne2
Bc8 36. f5 Qd6+ 37. Kh1 Rde8 38. Nc3 Bb7 39. Rg4 Rg8 40. Rxg8+ Rxg8 41. Rd3 Rg7
42. Re3 Kh7 43. Rf3 b4 44. Ne2 bxa3 45. bxa3 Qb6 46. Kh2 Qb2 47. Kh3 Bc8 48. Qe3
Bxd4 49. Qxd4 Qxe2 50. Qxg7+ 1-0

[Event "World Rapid 2017"]
[Site "Riyadh KSA"]
[Date "2017.12.28"]
[Round "15.22"]
[White "Melkumyan, Hrant"]
[Black "Jobava, Baadur"]
[Result "1-0"]
[WhiteTitle "GM"]
[BlackTitle "GM"]
[WhiteElo "2633"]
[BlackElo "2690"]
[WhiteFideId "13302485"]
[BlackFideId "13601520"]
[EventDate "2017.12.26"]

1. d4 d5 2. c4 c6 3. Nf3 Nf6 4. e3 g6 5. Nc3 Bg7 6. Bd3 O-O 7. O-O Nbd7 8. cxd5
Nxd5 9. e4 Nc7 10. Be3 Nb6 11. h3 f5 12. e5 h6 13. Qe2 Kh7 14. Rad1 Be6 15. Bc1
Qe8 16. h4 Rd8 17. Qc2 Nbd5 18. a3 Nxc3 19. bxc3 Bd5 20. Qe2 c5 21. h5 gxh5 22.
c4 Bxf3 23. Qxf3 Ne6 24. Bxf5+ Kh8 25. d5 Nd4 26. Rxd4 cxd4 27. Qe4 b5 28. cxb5
Rxf5 29. Qxf5 Rxd5 30. Bxh6 d3 31. Bxg7+ Kxg7 32. Qg5+ Kh7 33. Rd1 e6 34. a4 Qf7
35. Qe3 Qd7 36. Rd2 Kg6 37. f3 1-0

[Event "World Rapid 2017"]
[Site "Riyadh KSA"]
[Date "2017.12.28"]
[Round "15.23"]
[White "Sjugirov, Sanan"]
[Black "Kuzubov, Yuriy"]
[Result "1-0"]
[WhiteTitle "GM"]
[BlackTitle "GM"]
[WhiteElo "2650"]
[BlackElo "2699"]
[WhiteFideId "4189302"]
[BlackFideId "14112906"]
[EventDate "2017.12.26"]

1. Nf3 d5 2. g3 Bg4 3. Bg2 Nd7 4. O-O c6 5. d3 e6 6. h3 Bh5 7. e4 Bc5 8. exd5
exd5 9. c4 Ne7 10. Nc3 O-O 11. cxd5 Nxd5 12. Nxd5 cxd5 13. Qb3 Qb6 14. Qxd5 Nf6
15. Qb3 Rfd8 16. Qxb6 Bxb6 17. g4 Bg6 18. Ne5 Bxd3 19. Nxd3 Rxd3 20. Bxb7 Re8
21. Kg2 h5 22. Bf3 hxg4 23. hxg4 Re6 24. g5 Ne4 25. Bg4 Re8 26. Re1 Rdd8 27. Re2
Nxf2 28. Rxf2 Bxf2 29. Kxf2 Re4 30. Bf3 Rc4 31. b3 Rc2+ 32. Kg3 Rd3 33. Bf4 Rcc3
34. Rf1 Rc2 35. Rf2 Rcc3 36. Kg4 a5 37. Be2 Rd4 38. Bb5 g6 39. Re2 Kf8 40. Rd2
Rxd2 41. Bxd2 Rc2 42. Bxa5 Rxa2 43. Bb4+ Kg7 44. Bc3+ Kf8 45. Bf6 Rf2 46. Bc6
Rc2 47. Ba4 Rf2 48. b4 Rf1 49. Bc6 Re1 50. Kf4 Rc1 51. b5 1-0

[Event "World Rapid 2017"]
[Site "Riyadh KSA"]
[Date "2017.12.28"]
[Round "15.24"]
[White "Adhiban, Baskaran"]
[Black "Nguyen, Ngoc Truong Son"]
[Result "0-1"]
[WhiteTitle "GM"]
[BlackTitle "GM"]
[WhiteElo "2655"]
[BlackElo "2630"]
[WhiteFideId "5018471"]
[BlackFideId "12401110"]
[EventDate "2017.12.26"]

1. e4 e5 2. Bc4 Nf6 3. d3 d5 4. exd5 Nxd5 5. Nf3 Nc6 6. O-O Bg4 7. h3 Bh5 8. Re1
Be7 9. g4 Bg6 10. Nxe5 Nxe5 11. Rxe5 Nb6 12. Bb3 O-O 13. Nd2 Kh8 14. Nf1 Bd6 15.
Re1 Qh4 16. Qf3 f5 17. g5 Bh5 18. Qg2 f4 19. Re4 Rf5 20. Ne3 Rxg5 21. Ng4 Bxg4
22. Bxf4 Bxf4 23. Rxf4 Qxh3 24. Qxh3 Bxh3+ 25. Kh2 Bd7 26. Re1 Rf5 27. Rxf5 Bxf5
28. Re7 Bd7 29. d4 Rd8 30. c4 Nc8 31. Re5 Re8 32. f4 Rxe5 33. fxe5 Bf5 34. d5 b6
35. Ba4 Kg8 36. b4 Kf8 37. Kg3 g5 38. c5 Ke7 39. Bd1 bxc5 40. bxc5 a5 41. a3 h6
42. Be2 c6 43. d6+ Ke6 44. Bg4 Bxg4 45. Kxg4 a4 46. Kh5 Na7 47. Kg6 g4 48. d7
Kxd7 49. Kf7 Nc8 50. e6+ Kc7 0-1

[Event "World Rapid 2017"]
[Site "Riyadh KSA"]
[Date "2017.12.28"]
[Round "15.25"]
[White "Salem, A.R. Saleh"]
[Black "Kasimdzhanov, Rustam"]
[Result "0-1"]
[WhiteTitle "GM"]
[BlackTitle "GM"]
[WhiteElo "2638"]
[BlackElo "2683"]
[WhiteFideId "9301348"]
[BlackFideId "14200244"]
[EventDate "2017.12.26"]

1. d4 Nf6 2. c4 e6 3. Nf3 d5 4. Nc3 c6 5. Bg5 h6 6. Bh4 Be7 7. e3 Nbd7 8. Qc2
O-O 9. Rd1 a6 10. a3 b6 11. Be2 Bb7 12. O-O Qe8 13. Rfe1 dxc4 14. Bxc4 c5 15. d5
exd5 16. Nxd5 Bxd5 17. Bxd5 Nxd5 18. Rxd5 Bxh4 19. Nxh4 Nf6 20. Rd6 Ne4 21. Rd5
Nf6 22. Rd6 Ne4 23. Rdd1 Qe7 24. Nf5 Qe6 25. Ng3 Nxg3 26. hxg3 Rad8 27. e4 c4
28. f3 b5 29. Qc3 Rd6 30. Rd2 Rxd2 31. Qxd2 Qe5 32. Kf2 Rc8 33. f4 Qc7 34. Rd1
c3 35. bxc3 Qc5+ 36. Qd4 Qxa3 37. Rd3 Qc1 38. e5 a5 39. Qe4 Rf8 40. e6 fxe6 41.
Qxe6+ Kh8 42. Qe7 Qc2+ 43. Ke3 Rg8 44. g4 Qxg2 45. g5 Qc6 46. f5 Re8 47. Kd4 0-1

[Event "World Rapid 2017"]
[Site "Riyadh KSA"]
[Date "2017.12.28"]
[Round "15.26"]
[White "Vidit, Santosh Gujrathi"]
[Black "Vallejo Pons, Francisco"]
[Result "1/2-1/2"]
[WhiteTitle "GM"]
[BlackTitle "GM"]
[WhiteElo "2715"]
[BlackElo "2707"]
[WhiteFideId "5029465"]
[BlackFideId "2205530"]
[EventDate "2017.12.26"]

1. d4 d5 2. c4 dxc4 3. Nf3 Nf6 4. e3 e6 5. Bxc4 c5 6. O-O cxd4 7. exd4 Be7 8.
Nc3 O-O 9. Qe2 a6 10. Rd1 b5 11. Bb3 Bb7 12. Bg5 Nbd7 13. d5 exd5 14. Nxd5 Bxd5
15. Bxd5 Nxd5 16. Rxd5 Bxg5 17. Nxg5 h6 18. Nf3 Qc7 19. Qe7 Ra7 20. Qe3 Nf6 21.
Rc5 Qb6 22. Re5 Qxe3 23. Rxe3 Rc8 1/2-1/2